Financial analysis techniques for equipment replacement decisions /

Saved in:
Bibliographic Details
Main Author: Vassilatou-Thonopoulos, Elly
Corporate Author: National Association of Accountants (U.S.)
Format: Book
Language:English
Published: New York : National Association of Accountants, c1965.
Series:NAA research monograph ; no. 1
Subjects:
LEADER 01118cam a2200265 a 4500
001 c000271322
003 CARM
005 20070907141900.0
008 880705s1965 nyua b 000 0 eng d
019 1 |a 27513786  |z 3722727  |5 LACONCORD2021 
035 |a (OCoLC)562696  |5 LACONCORD2021 
040 |a WMDU  |b eng  |c WMDU  |d D2035 
082 0 4 |a 657.73  |2 19 
100 1 |a Vassilatou-Thonopoulos, Elly. 
245 1 0 |a Financial analysis techniques for equipment replacement decisions /  |c by Elly Vassilatou-Thonopoulos. 
260 |a New York :  |b National Association of Accountants,  |c c1965. 
300 |a vii, 67 p. :  |b ill. ;  |c 22 cm. 
440 0 |a NAA research monograph ;  |v no. 1 
500 |a Monograph based on the author's doctoral dissertation. 
500 |a Cover title. 
650 0 |a Replacement of industrial equipment  |x Accounting. 
710 2 |a National Association of Accountants (U.S.) 
852 8 |b CARM  |h A1:AN27F0  |i B08875  |p 0383058  |f BK 
999 f f |i e3e0748d-0741-587e-b43a-a79aeb015e78  |s e842993d-cc5d-54d0-b0f1-f65aa32b1cce 
952 f f |p Can circulate  |a CAVAL  |b CAVAL  |c CAVAL  |d CARM 1 Store  |e B08875  |f A1:AN27F0  |h Other scheme  |i book  |m 0383058